| 000 | 00517nam a2200181 a 4500 | ||
|---|---|---|---|
| 005 | 20220602080632.0 | ||
| 008 | 991125s19921997mx 000 0 spa u | ||
| 020 | _a9683907466 | ||
| 035 | _aUPN01000029283 | ||
| 049 | _aCG | ||
| 050 | 4 |
_aF1219 _bD348 |
|
| 100 | 1 | _aDavies, Nigel | |
| 245 | 1 | 3 |
_aEl imperio azteca : _bel resurgimiento tolteca / _cNigel Davies ; tr. Guillermina Féner. |
| 260 |
_aMéxico : _bAlianza, _c1992 (1997 impr.). |
||
| 300 | _a378 p. | ||
| 650 | 2 |
_aAztecas _xHistoria _92984 |
|
| 905 | _aLibro | ||
| 999 |
_c29283 _d29283 |
||